UBT Library

The Austrian Parliament. (Record no. 197)

000 -LEADER
fixed length control field 00590cam a2200193 a 4500
005 - DATE AND TIME OF LATEST TRANSACTION
control field 20131029065005.0
008 - FIXED-LENGTH DATA ELEMENTS--GENERAL INFORMATION
fixed length control field 970923s1989 au a f000 0 eng
041 1# - LANGUAGE CODE
Language code of text/sound track or separate title eng
080 ## - UNIVERSAL DECIMAL CLASSIFICATION NUMBER
Field link and sequence number 328
Common auxiliary subdivision (436)
130 0# -
-- Österreichische Parlament.
-- English.
245 14 - TITLE STATEMENT
Title The Austrian Parliament.
260 ## -
-- Vienna :
-- Parliamentary Administration,
-- 1989.
300 ## -
-- 58 p. :
-- ill. (some col.) ;
-- 20 cm.
500 ## -
-- Errata slip inserted.
610 10 -
-- Austria
-- Parlamenti
650 #0 -
-- Historia konstitucionale
-- Austria
710 1# -
-- Austria.
-- Parlamentsdirektion.
942 ## - ADDED ENTRY ELEMENTS (KOHA)
Source of classification or shelving scheme
Item type Books
Holdings
Withdrawn status Lost status Source of classification or shelving scheme Damaged status Not for loan Collection code Permanent location Current location Shelving location Date acquired Total Checkouts Full call number Barcode Date last seen Koha item type
          Koleksioni i përgjithshem UBT - Prishtine UBT - Prishtine Koleksioni i përgjithshem 10/29/2013   328(436) AUS 001-000219 10/29/2013 Books
UBT Library © 2015-2024. All rights reserved University Education for Business and Technology